Αρβανίτες : οι Δωριείς του νεώτερου ελληνισμού : ιστορία των Ελλήνων Αρβανιτών
Αποθηκεύτηκε σε:
| Κύριος συγγραφέας: | |
|---|---|
| Μορφή: | Βιβλίο |
| Γλώσσα: | Greek |
| Δημοσίευση: |
[Αθήνα] :
Μέλισσα,
1998
|
| Έκδοση: | 4η έκδ. |
| Θέματα: | |
| Ετικέτες: |
Προσθήκη ετικέτας
Δεν υπάρχουν, Καταχωρήστε ετικέτα πρώτοι!
|
MARC
| LEADER | 00000cam a2200000 i 4500 | ||
|---|---|---|---|
| 001 | 1/10783 | ||
| 008 | 981215s1998 gr | ||| |||| ||gre|| | ||
| 020 | |a 9602040319 | ||
| 035 | |1 ΠΑΡ |a 1997 |b 06/12 |c ΧΡΥΣΑΝΘΟΠΟΥΛΟΥ |l 10017994 | ||
| 040 | |a GR-MY-UA |b gre |e aacr | ||
| 041 | 0 | |a gre | |
| 082 | 0 | |a 306.08989 | |
| 100 | 1 | |a Μπίρης, Κώστας Η., |c 1899-1980. | |
| 245 | 1 | 0 | |a Αρβανίτες : |b οι Δωριείς του νεώτερου ελληνισμού : ιστορία των Ελλήνων Αρβανιτών / |c Κώστα Η. Μπίρη |
| 250 | |a 4η έκδ. | ||
| 260 | |a [Αθήνα] : |b Μέλισσα, |c 1998 | ||
| 300 | |a 377 σ. |b φωτ. | ||
| 650 | 0 | 0 | |a Albanians |z Greece. |
| 852 | |a INST |b LESVOS |e 19981215 |h 306.08989 ΜΠΙ |p 005100015646 |q 005100015646 |t BK |y 0 | ||
| 852 | |a INST |b LESVOS |e 19990225 |h 306.08989 ΜΠΙ |p 005100018129 |q 005100018129 |t BK |y 0 | ||
| 909 | |a Λ |b 050917 | ||
| 909 | |a Λ |b 061148 | ||
| 922 | |a 1ΔΩΡ |b 199709 |c ΔΚΑ | ||
| 922 | |a 1ΕΛΗ |b 199811 |c ΚΠΣ/ΧΡΥΣΑΝΘΟΠΟΥΛΟΥ |d EMVASIS | ||
| 950 | |a 153-1997-06-30 | ||